| LEADER | 00777nam a2200217 i 4500 | ||
|---|---|---|---|
| 001 | c000240196 | ||
| 003 | CARM | ||
| 005 | 00000000000000.0 | ||
| 008 | 841207s1959 nyu 0 eng d | ||
| 019 | 1 | |a 2539058 |z 21879258 |5 LACONCORD2021 | |
| 035 | |a (OCoLC)1260557 |5 LACONCORD2021 | ||
| 082 | 0 | 4 | |a 301.41 |
| 100 | 1 | |a Hunt, Morton M., |d 1920- | |
| 245 | 1 | 4 | |a The natural history of love / |c by Morton M. Hunt. |
| 260 | |a New York : |b Knopf, |c 1959. | ||
| 300 | |a 416,xiip. : |b ill. | ||
| 504 | |a Bibliography: p.399-416. | ||
| 650 | 0 | |a Love |x History. | |
| 852 | 8 | |b CARM |h A2:AR27G0 |i C08693 |p 0325484 |f BK | |
| 999 | f | f | |i ac748e91-463e-5c5e-ab04-67e7d3f4c6a9 |s b6d5320c-fa8d-52df-aa5c-9afac6a5110c |
| 952 | f | f | |p Can circulate |a CAVAL |b CAVAL |c CAVAL |d CARM 1 Store |e C08693 |f A2:AR27G0 |h Other scheme |i book |m 0325484 |